[Event "Madrid Colmenarejo Autumn op 22nd"]
[Site "Madrid"]
[Date "2017.10.08"]
[Round "4"]
[White "Juez Gastanaga, Aitor"]
[Black "Criado Herrero, Luis"]
[Result "1-0"]
[WhiteElo "1718"]
[BlackElo "1526"]
[PlyCount "53"]
[EventDate "2017.09.17"]
[EventType "swiss"]
[EventRounds "7"]
[EventCountry "ESP"]
[SourceTitle "EXT 2019"]
[Source "ChessBase"]
[SourceDate "2018.10.10"]
[SourceVersion "1"]
[SourceVersionDate "2018.10.10"]
[SourceQuality "1"]

1. e4 c5 2. Nf3 d6 3. d4 cxd4 4. c3 dxc3 5. Nxc3 Nc6 6. Bc4 e6 7. 0-0 Nf6 8. Qe2 Be7 9. Rd1 Qc7 10. Bf4 e5 11. Nb5 Qb8 12. Bg5 a6 13. Bxf6 gxf6 14. Nc3 Bg4 15. h3 Bh5 16. g4 Rg8 17. Kh2 Bg6 18. Rac1 h5 19. Nd5 Qd8 20. Nh4 Nd4 21. Rxd4 exd4 22. Nc7+ Kf8 23. Nxa8 Qxa8 24. Nxg6+ Rxg6 25. gxh5 Rh6 26. Qg4 Rh8 27. Bd5 1-0

[Event "Colmenarejo Autumn op"]
[Site "Colmenarejo"]
[Date "2014.10.05"]
[Round "2"]
[White "Juez Gastanaga, Aitor"]
[Black "Perea Unceta, Luis"]
[Result "0-1"]
[WhiteElo "1703"]
[BlackElo "1575"]
[PlyCount "92"]
[EventDate "2014.09.28"]
[EventType "swiss"]
[EventRounds "7"]
[EventCountry "ESP"]
[SourceTitle "EXT 2019"]
[Source "ChessBase"]
[SourceDate "2018.10.10"]
[SourceVersion "1"]
[SourceVersionDate "2018.10.10"]
[SourceQuality "1"]

1. e4 c6 2. Nc3 d5 3. Nf3 Bg4 4. h3 Bh5 5. exd5 cxd5 6. g4 Bg6 7. h4 h6 8. Bb5+ Nc6 9. Ne5 Rc8 10. Qf3 Nf6 11. d4 Be4 12. Bxc6+ bxc6 13. Nxe4 dxe4 14. Qd1 e6 15. c3 Bd6 16. g5 Bxe5 17. gxf6 Bxf6 18. Qg4 Qd5 19. 0-0 Qf5 20. Qxf5 exf5 21. h5 g6 22. hxg6 fxg6 23. Bf4 g5 24. Bd6 h5 25. f4 g4 26. Be5 Kf7 27. Kg2 h4 28. a4 h3+ 29. Kh2 Rcg8 30. Rg1 Ke6 31. Rad1 Rh7 32. d5+ cxd5 33. Bxf6 Kxf6 34. Rxd5 Ke6 35. Re5+ Kf6 36. Ra5 Re8 37. Re1 Rd7 38. b4 Rd2+ 39. Kh1 Re7 40. Ra6+ Kf7 41. Ra5 Kf6 42. Ra6+ Re6 43. Rxa7 e3 44. Rh7 e2 45. Kg1 Rd1 46. Kf2 g3+ 0-1

[Event "Colmenarejo Spring op 8th"]
[Site "Colmenarejo"]
[Date "2013.04.21"]
[Round "2.7"]
[White "Urruti Diaz, Agustin Anibal"]
[Black "Juez Gastanaga, Aitor"]
[Result "1/2-1/2"]
[WhiteElo "1767"]
[BlackElo "1586"]
[PlyCount "75"]
[EventDate "2013.04.14"]
[EventType "swiss"]
[EventRounds "7"]
[EventCountry "ESP"]
[SourceTitle "EXT 2024"]
[Source "ChessBase"]
[SourceDate "2023.10.10"]
[SourceVersion "1"]
[SourceVersionDate "2023.10.10"]
[SourceQuality "1"]

1. e4 c5 2. Nf3 d6 3. d4 cxd4 4. Nxd4 Nf6 5. Bb5+ Bd7 6. Bxd7+ Qxd7 7. Nc3 g6 8. 0-0 Bg7 9. h3 0-0 10. Be3 Nc6 11. a3 d5 12. Nxc6 bxc6 13. e5 Ne8 14. Bd4 Qc7 15. f4 f6 16. Qe2 fxe5 17. fxe5 e6 18. Na4 Rxf1+ 19. Rxf1 Bf8 20. Qg4 Ng7 21. b4 Nf5 22. Bb2 c5 23. bxc5 Bxc5+ 24. Kh2 Bxa3 25. Bxa3 Qxe5+ 26. Qf4 Qxf4+ 27. Rxf4 e5 28. Rf2 d4 29. Nc5 Rc8 30. Nd7 Ne3 31. Nxe5 Nxc2 32. Bb2 a5 33. Rd2 a4 34. Bxd4 a3 35. Ng4 a2 36. Bb2 Rb8 37. Nf6+ Kf7 38. Bc3 1/2-1/2

[Event "Collado Villalba op-B 29th"]
[Site "Collado Villalba"]
[Date "2012.08.27"]
[Round "4"]
[White "Garcia Diaz, Alejandro"]
[Black "Juez Gastanaga, Aitor"]
[Result "1-0"]
[WhiteElo "1767"]
[BlackElo "1642"]
[PlyCount "46"]
[EventDate "2012.08.24"]
[EventType "swiss"]
[EventRounds "9"]
[EventCountry "ESP"]
[SourceTitle "CBM 150 Extra"]
[Source "ChessBase"]
[SourceDate "2012.10.19"]
[SourceVersion "1"]
[SourceVersionDate "2012.10.19"]
[SourceQuality "1"]

1. c4 Nf6 2. Nc3 g6 3. e4 d6 4. d4 Bg7 5. Be2 0-0 6. h4 h5 7. Bg5 Nh7 8. Qd2 Nxg5 9. hxg5 f5 10. gxf6 Bxf6 11. Nf3 e5 12. Qh6 Qe8 13. Nd5 Qf7 14. Nxf6+ Qxf6 15. 0-0-0 exd4 16. Nxd4 Nc6 17. Nb5 Rf7 18. f3 a6 19. Nc3 Be6 20. Qd2 a5 21. Kb1 a4 22. Nb5 Na5 23. Rc1 c6 1-0